SI Units - Sudden Death - Statistics

General Stats
  • This quiz has been taken 738 times
  • The average score is 7 of 20
Answers on the Grid
Answers color-coded by a green-red scale on the quiz's grid according to % correct below.
second
metre
acre
hertz
kilogram
inch
mole
sievert
lux
fathom
watt
grain
calorie
newton
dram
neper
°Celsius
volt
kelvin
henry
mile
litre
gallon
radian
katal
point
ampere
candela
minim
°Fahrenheit
joule
decibel
gray
dalton
electronvolt
ohm
 
Answer Stats
Answer % Correct
metre
85%
second
84%
kilogram
77%
hertz
49%
newton
47%
watt
47%
mole
44%
kelvin
42%
volt
35%
°Celsius
31%
lux
28%
joule
24%
ampere
23%
ohm
22%
sievert
22%
candela
20%
radian
16%
henry
13%
gray
6%
katal
2%
No matching quizzes found
Score Distribution
Percent of People with Each Score
Percentile by Number Answered
Your Score History
You have not taken this quiz